La interoceptividad: paradigma fundamental en el universo semántico de "Herencia del otoño"

Збережено в:
Бібліографічні деталі
Автор: Chaves Alfaro, Iris
Формат: Книга
Мова:Undetermined
Опубліковано: San José, Costa Rica Escuela de Filología, Literatura y Lingüística,Universidad de Costa Rica 1987
Предмети:
Теги: Додати тег
Немає тегів, Будьте першим, хто поставить тег для цього запису!

MARC

LEADER 00000nam a2200000Ia 4500
008 170316s9999 xx 000 0 und d
040 |a cru BVZT 
090 |a Tesis 45 
100 |a Chaves Alfaro, Iris 
245 |a La interoceptividad: paradigma fundamental en el universo semántico de "Herencia del otoño" 
260 |a San José, Costa Rica 
260 |b Escuela de Filología, Literatura y Lingüística,Universidad de Costa Rica 
260 |c 1987 
300 |a 313 páginas 
650 |a LICENCIATURA EN FILOLOGÍA ESPAÑOLA 
650 |a TRABAJO FINAL DE GRADUACIÓN 
999 |c 14093  |d 14093 
942 |c TFG  |h Tesis 45  |2 z